[Event "FRA-ch U20"]
[Site "Agen"]
[Date "2021.10.30"]
[Round "8.6"]
[White "Kim, Jisu"]
[Black "Ferriz, Simon"]
[Result "0-1"]
[WhiteElo "2060"]
[BlackElo "1993"]
[PlyCount "80"]
[EventDate "2021.10.25"]
[EventType "swiss"]
[EventRounds "9"]
[EventCountry "FRA"]
[SourceTitle "EXT 2023"]
[Source "ChessBase"]
[SourceDate "2022.10.05"]
[SourceVersion "1"]
[SourceVersionDate "2022.10.05"]
[SourceQuality "1"]

1. d4 d5 2. c4 c6 3. Nf3 e6 4. g3 f5 5. Bg2 Nf6 6. 0-0 Bd6 7. b3 Qe7 8. a4 Nbd7 9. Ba3 0-0 10. e3 e5 11. dxe5 Nxe5 12. Nxe5 Qxe5 13. Bxd6 Qxd6 14. cxd5 Qe5 15. Ra2 Nxd5 16. Bxd5+ cxd5 17. Rd2 Be6 18. Rd4 Rac8 19. Nd2 g5 20. Qh5 Qg7 21. Nf3 h6 22. Nd2 Kh7 23. Kh1 Rc3 24. Qe2 Rfc8 25. h4 g4 26. Kg2 Rc2 27. Qb5 a6 28. Qb6 R8c6 29. Qb4 Rb2 30. Nb1 Rcc2 31. Rd2 Kg6 32. Rxc2 Rxc2 33. Qd6 Rc6 34. Qf4 Qb2 35. Qb4 d4 36. Qxb7 Bd5+ 37. Kg1 dxe3 38. Qd7 Qe5 39. Rd1 e2 40. Re1 Qe4 0-1

[Event "FRA-ch U20"]
[Site "Agen"]
[Date "2021.10.25"]
[Round "3.7"]
[White "Ferriz, Simon"]
[Black "Bellahcene, Meriem"]
[Result "1-0"]
[WhiteElo "1993"]
[BlackElo "1928"]
[PlyCount "89"]
[EventDate "2021.10.25"]
[EventType "swiss"]
[EventRounds "9"]
[EventCountry "FRA"]
[SourceTitle "EXT 2023"]
[Source "ChessBase"]
[SourceDate "2022.10.05"]
[SourceVersion "1"]
[SourceVersionDate "2022.10.05"]
[SourceQuality "1"]

1. e4 d6 2. d4 Nf6 3. Nc3 Nbd7 4. Nf3 e5 5. Bc4 Be7 6. 0-0 0-0 7. a4 c6 8. Re1 a5 9. Qe2 Qc7 10. h3 h6 11. Ba2 Re8 12. Be3 Bd8 13. dxe5 dxe5 14. Rad1 Nf8 15. Rd2 Be6 16. Bc4 Be7 17. Red1 Bb4 18. Bxe6 Nxe6 19. Qc4 Rad8 20. Rxd8 Rxd8 21. Rxd8+ Qxd8 22. Nxe5 Bxc3 23. Qxc3 Nxe4 24. Qd3 Qxd3 25. Nxd3 Nd6 26. Bd2 Nd4 27. Bxa5 Nxc2 28. Bc3 Ne4 29. a5 Na1 30. Bd4 Nb3 31. Bb6 f6 32. f3 Nd6 33. Nc5 Nxc5 34. Bxc5 Nc4 35. b4 Ne5 36. Kf1 Kf7 37. Ke2 g6 38. f4 Nd7 39. Bd4 f5 40. Kd3 Ke6 41. Kc4 Kd6 42. Bg7 b5+ 43. Kd4 h5 44. Be5+ Ke6 45. a6 1-0

[Event "Vaujany op-A 7th"]
[Site "Vaujany"]
[Date "2016.07.20"]
[Round "5"]
[White "Gatineau, Yovann"]
[Black "Ferriz, Simon"]
[Result "1-0"]
[WhiteElo "2206"]
[BlackElo "1969"]
[PlyCount "63"]
[EventDate "2016.07.16"]
[EventType "swiss"]
[EventRounds "9"]
[EventCountry "FRA"]
[SourceTitle "EXT 2019"]
[Source "ChessBase"]
[SourceDate "2018.10.10"]
[SourceVersion "1"]
[SourceVersionDate "2018.10.10"]
[SourceQuality "1"]

1. d4 d5 2. c4 c6 3. Nc3 e5 4. dxe5 d4 5. Ne4 Qa5+ 6. Bd2 Qxe5 7. Ng3 Nf6 8. Nf3 Qd6 9. Qc2 Be7 10. 0-0-0 0-0 11. e3 dxe3 12. fxe3 Na6 13. a3 Ng4 14. Bd3 Nf2 15. Bxh7+ Kh8 16. Ne4 Nd3+ 17. Kb1 Qh6 18. Neg5 Nf2 19. e4 Qh5 20. e5 Bg4 21. Bf5 Bxg5 22. Bxg4 Qxg4 23. Bxg5 Nxh1 24. Rd4 Nf2 25. Rxg4 Nxg4 26. Qf5 Nh6 27. Bxh6 gxh6 28. Qf6+ Kh7 29. Nh4 Rg8 30. Nf5 Rxg2 31. Qxh6+ Kg8 32. Ne7# 1-0

[Event "Vaujany op-A 7th"]
[Site "Vaujany"]
[Date "2016.07.19"]
[Round "4"]
[White "Ferriz, Simon"]
[Black "Kutchoukov, Daniel"]
[Result "1-0"]
[WhiteElo "1969"]
[BlackElo "1778"]
[PlyCount "51"]
[EventDate "2016.07.16"]
[EventType "swiss"]
[EventRounds "9"]
[EventCountry "FRA"]
[SourceTitle "EXT 2019"]
[Source "ChessBase"]
[SourceDate "2018.10.10"]
[SourceVersion "1"]
[SourceVersionDate "2018.10.10"]
[SourceQuality "1"]

1. e4 c6 2. d3 d5 3. Nd2 e5 4. Ngf3 Bg4 5. Be2 Bd6 6. h3 Bxf3 7. Bxf3 Nf6 8. 0-0 Nbd7 9. d4 dxe4 10. Nxe4 Nxe4 11. Bxe4 0-0 12. dxe5 Bxe5 13. Be3 Qe7 14. c3 Nf6 15. Bf3 Rfd8 16. Qc2 Nd5 17. Bxd5 Rxd5 18. Rad1 Rd6 19. Bc5 Bh2+ 20. Kh1 Qf6 21. Bxd6 Bxd6 22. Qe4 g6 23. Rd3 Rd8 24. Rfd1 Bc7 25. Rxd8+ Bxd8 26. Qe8+ 1-0